| 000 | 00701nam a2200229 a 4500 | ||
|---|---|---|---|
| 001 | 000034079 | ||
| 005 | 20200930070745.0 | ||
| 008 | 110923s2006 dr a 000 f spa d | ||
| 020 | _a9993456039 | ||
| 040 |
_aDO-SdBNP _bspa _cBNPHU |
||
| 082 |
_aRD863.5 _bT676l |
||
| 100 | 1 |
_aToral, Juan Carlos, _d1966- _910892 |
|
| 245 | 1 | 3 |
_aUn laberinto en el armario / _cJuan Carlos Toral. |
| 260 |
_aBogotá, Colombia : _bNorma, _c2006. |
||
| 300 |
_a106 p. : _bil. ; _c19 cm. |
||
| 490 | 1 | _aTorre de papel | |
| 650 | 4 |
_aNovela infantil dominicana _933379 |
|
| 650 | 4 |
_aLiteratura infantil dominicana _9441 |
|
| 830 | 0 |
_aTorre de papel _959507 |
|
| 910 | _aValidado. Control de calidad EMS | ||
| 049 | _aBNPD | ||
| 999 |
_c33570 _d33570 |
||